| 000 | 11541 a2200781 4500 | ||
|---|---|---|---|
| 003 | Nust | ||
| 005 | 20170207154600.0 | ||
| 020 | _a(E-Book) | ||
| 020 | _a9780764555749 | ||
| 035 | _a(AU-PeEL)EBL818687 | ||
| 035 | _a(OCoLC)54751165 | ||
| 035 | _aEBL818687 | ||
| 040 | _cNust | ||
| 082 | 0 | 0 | _a005.133 |
| 100 | 1 | _aMcGovern, James. | |
| 245 | 1 | 0 |
_aJava2 Enterprise Edition 1.4 (J2EE 1.4) Bible (E-Book) _h[Elektronisk resurs] / _cby James McGovern, Rahim Adatia, Yakov Fain, Jason Gordon, Ethan Henry, Walter Hurst, Ashish Jain, Mark Little, Vaidyanathan Nagarajan, Harshad Oak, Lee Anne Phillips |
| 260 |
_aHoboken : _bJohn Wiley & Sons, _c2011. |
||
| 300 | _a1 online resource (1010 p.) | ||
| 500 | _aDescription based upon print version of record. | ||
| 505 | 0 | _aChapter 7: Using JSP Tag ExtensionsWhy Use Tag Extensions?; Explaining Custom-Tag Concepts; Explaining taglib Mapping; Understanding Tag Handlers; Exploring Dynamic Attributes; Summary; Part III: The Enterprise Information System Tier; Chapter 8: Working with JavaMail; Exploring the " Hello World" of JavaMail; Understanding the Protocols for JavaMail; JavaMail Components; Using the JavaMail API; Integrating JavaMail into J2EE; Summary; Chapter 9: Understanding the Java Messaging Service; Explaining Messaging; Introducing JMS; Examining Messaging Models; Understanding the Major JMS Components | |
| 505 | 0 | _aConfiguring JMSConnexia Airlines Point-to-Point Messaging Business Case; Magazine-Publisher Publish-Subscribe Messaging Business Case; Explaining Reliable Messaging; Introducing Message-Driven Enterprise JavaBeans; Summary; Chapter 10: Introducing Java Transactions; What Are Atomic Transactions?; Examining Transactional Objects and Participants; Reviewing Atomicity and the Two-Phase Commit Protocol; Understanding Local and Distributed Transactions; Understanding Consistency; Introducing Isolation ( Serializability); Understanding the Role of Durability; Performing Failure Recovery | |
| 505 | 0 | _aExamining XML ParsersImplementing XML DTDs; Understanding XML Namespaces; Exploring XML Schema; Working with eXtensible Stylesheet Language Transformations ( XSLT); Introducing J2EE XML - Based APIs; Summary; Chapter 3: Introducing Application Servers; Implementing the J2EE Platform; Understanding the Features of an Application Server; Examining Full J2EE Implementations; Examining Partial J2EE Implementations; Avoiding Vendor Lock-In; Summary; Chapter 4: Understanding Remote Method Invocation; Providing an Overview of RMI; Developing Applications with RMI; Pushing Data from the RMI Server | |
| 505 | 0 | _aJava 2 Enterprise Edition 1.4 Bible; About the Authors; Credits; Foreword; Acknowledgments; Contents at a Glance; Contents; Introduction; Part I: Introduction; Chapter 1: Understanding Java and the J2EE Platform; Reviewing a Brief History of Java; Understanding J2SE; Examining the Origin of ( J2EE); Working with the Model-View-Controller; Understanding J2EE APIs; Discovering What's New in J2EE 1.4; Looking toward the Future of J2EE; Understanding the Java Community Process ( JCP); Summary; Chapter 2: Reviewing XML Fundamentals; Explaining XML; Understanding XML Document Structure | |
| 505 | 0 | _aRMI over Inter-ORB Protocol ( IIOP)Summary; Part II: The Presentation Tier; Chapter 5: Studying Servlet Programming; Creating a Magazine Publisher Application Using Servlets; Using the Servlet Context; Performing URL Redirection; Examining the web. xml Deployment Descriptor; What's New in the Servlet 2.4 Specification; Summary; Chapter 6: Going Over JSP Basics; Introducing JSP; Examining MVC and JSP; JSP Scripting Elements and Directives; Working with Variable Scopes; Error Pages; Using JavaBeans; Designing an Online Store with JSP; Airline Reservations Business Case; Summary | |
| 505 | 0 | _aUsing Transaction-Processing Monitors | |
| 520 | _aJava 2 Enterprise Edition (J2EE) is the specification that all enterprise Java developers need to build multi-tier applications, and also the basis for BEA's WebLogic Application Server and IBM's WebSphereRevised to be current with the significant J2EE 1.4 update that will drive substantial developer interestWritten by a top-selling team of eleven experts who provide unique and substantial business examples in a vendor-neutral format, making the information applicable to various application serversCovers patterns, J2EE application servers, frameworks, Ant, and continuous availabilityIncludes e | ||
| 538 | _a(E-Book) | ||
| 650 | 7 | _aComputer. | |
| 650 | 7 | _aJava (Computer program language) | |
| 650 | 7 | _aJava (Computer program language). | |
| 650 | 7 | _aJAVA (programspr�k) | |
| 650 | 7 | _aJAVA. | |
| 651 | _aJava2 Enterprise Edition 1.4 (J2EE 1.4) Bible (E-Book) | ||
| 655 | 0 | _aElectronic books. | |
| 700 | 1 | _aAdatia, Rahim. | |
| 700 | 1 | _aFain, Yakov. | |
| 700 | 1 | _aGordon, Jason. | |
| 700 | 1 | _aHenry, Ethan. | |
| 700 | 1 | _aHurst, Walter. | |
| 700 | 1 | _aJain, Ashish. | |
| 700 | 1 | _aLittle, Mark. | |
| 700 | 1 | _aNagarajan, Vaidyanathan. | |
| 700 | 1 | _aOak, Harshad. | |
| 700 | 1 | _aPhillips, Lee Anne. | |
| 856 | 4 | 0 | _uhttp://ezproxy.ub.gu.se/login?url=http://www.GU.eblib.com/patron/FullRecord.aspx?p=818687 |
| 856 | 4 | 0 | _uhttp://link.libris.kb.se/sfxbth?url_ver=Z39.88-2004&ctx_ver=Z39.88-2004&ctx_enc=info:ofi/enc:UTF-8&rfr_id=info:sid/sfxit.com:opac_856&url_ctx_fmt=info:ofi/fmt:kev:mtx:ctx&sfx.ignore_date_threshold=1&rft.object_id=111087027802642&svc_val_fmt=info:ofi/fmt:kev:mtx:sch_svc& |
| 856 | 4 | 0 | _uhttp://link.libris.kb.se/sfxcthb?url_ver=Z39.88-2004&ctx_ver=Z39.88-2004&ctx_enc=info:ofi/enc:UTF-8&rfr_id=info:sid/sfxit.com:opac_856&url_ctx_fmt=info:ofi/fmt:kev:mtx:ctx&sfx.ignore_date_threshold=1&rft.object_id=111087027802642&svc_val_fmt=info:ofi/fmt:kev:mtx:sch_svc& |
| 856 | 4 | 0 | _uhttp://link.libris.kb.se/sfxhib?url_ver=Z39.88-2004&ctx_ver=Z39.88-2004&ctx_enc=info:ofi/enc:UTF-8&rfr_id=info:sid/sfxit.com:opac_856&url_ctx_fmt=info:ofi/fmt:kev:mtx:ctx&sfx.ignore_date_threshold=1&rft.object_id=111087027802642&svc_val_fmt=info:ofi/fmt:kev:mtx:sch_svc& |
| 856 | 4 | 0 | _uhttp://link.libris.kb.se/sfxkau?url_ver=Z39.88-2004&ctx_ver=Z39.88-2004&ctx_enc=info:ofi/enc:UTF-8&rfr_id=info:sid/sfxit.com:opac_856&url_ctx_fmt=info:ofi/fmt:kev:mtx:ctx&sfx.ignore_date_threshold=1&rft.object_id=111087027802642&svc_val_fmt=info:ofi/fmt:kev:mtx:sch_svc& |
| 856 | 4 | 0 | _uhttp://link.libris.kb.se/sfxkib?url_ver=Z39.88-2004&ctx_ver=Z39.88-2004&ctx_enc=info:ofi/enc:UTF-8&rfr_id=info:sid/sfxit.com:opac_856&url_ctx_fmt=info:ofi/fmt:kev:mtx:ctx&sfx.ignore_date_threshold=1&rft.object_id=111087027802642&svc_val_fmt=info:ofi/fmt:kev:mtx:sch_svc& |
| 856 | 4 | 0 | _uhttp://link.libris.kb.se/sfxkth?url_ver=Z39.88-2004&ctx_ver=Z39.88-2004&ctx_enc=info:ofi/enc:UTF-8&rfr_id=info:sid/sfxit.com:opac_856&url_ctx_fmt=info:ofi/fmt:kev:mtx:ctx&sfx.ignore_date_threshold=1&rft.object_id=111087027802642&svc_val_fmt=info:ofi/fmt:kev:mtx:sch_svc& |
| 856 | 4 | 0 | _uhttp://link.libris.kb.se/sfxlaub?url_ver=Z39.88-2004&ctx_ver=Z39.88-2004&ctx_enc=info:ofi/enc:UTF-8&rfr_id=info:sid/sfxit.com:opac_856&url_ctx_fmt=info:ofi/fmt:kev:mtx:ctx&sfx.ignore_date_threshold=1&rft.object_id=111087027802642&svc_val_fmt=info:ofi/fmt:kev:mtx:sch_svc& |
| 856 | 4 | 0 | _uhttp://link.libris.kb.se/sfxlibris-hda?url_ver=Z39.88-2004&ctx_ver=Z39.88-2004&ctx_enc=info:ofi/enc:UTF-8&rfr_id=info:sid/sfxit.com:opac_856&url_ctx_fmt=info:ofi/fmt:kev:mtx:ctx&sfx.ignore_date_threshold=1&rft.object_id=111087027802642&svc_val_fmt=info:ofi/fmt:kev:mtx:sch_svc& |
| 856 | 4 | 0 | _uhttp://link.libris.kb.se/sfxlibris-hgot?url_ver=Z39.88-2004&ctx_ver=Z39.88-2004&ctx_enc=info:ofi/enc:UTF-8&rfr_id=info:sid/sfxit.com:opac_856&url_ctx_fmt=info:ofi/fmt:kev:mtx:ctx&sfx.ignore_date_threshold=1&rft.object_id=111087027802642&svc_val_fmt=info:ofi/fmt:kev:mtx:sch_svc& |
| 856 | 4 | 0 | _uhttp://link.libris.kb.se/sfxlibris-hiha?url_ver=Z39.88-2004&ctx_ver=Z39.88-2004&ctx_enc=info:ofi/enc:UTF-8&rfr_id=info:sid/sfxit.com:opac_856&url_ctx_fmt=info:ofi/fmt:kev:mtx:ctx&sfx.ignore_date_threshold=1&rft.object_id=111087027802642&svc_val_fmt=info:ofi/fmt:kev:mtx:sch_svc& |
| 856 | 4 | 0 | _uhttp://link.libris.kb.se/sfxlibris-hikr?url_ver=Z39.88-2004&ctx_ver=Z39.88-2004&ctx_enc=info:ofi/enc:UTF-8&rfr_id=info:sid/sfxit.com:opac_856&url_ctx_fmt=info:ofi/fmt:kev:mtx:ctx&sfx.ignore_date_threshold=1&rft.object_id=111087027802642&svc_val_fmt=info:ofi/fmt:kev:mtx:sch_svc& |
| 856 | 4 | 0 | _uhttp://link.libris.kb.se/sfxliub?url_ver=Z39.88-2004&ctx_ver=Z39.88-2004&ctx_enc=info:ofi/enc:UTF-8&rfr_id=info:sid/sfxit.com:opac_856&url_ctx_fmt=info:ofi/fmt:kev:mtx:ctx&sfx.ignore_date_threshold=1&rft.object_id=111087027802642&svc_val_fmt=info:ofi/fmt:kev:mtx:sch_svc& |
| 856 | 4 | 0 | _uhttp://link.libris.kb.se/sfxmah?url_ver=Z39.88-2004&ctx_ver=Z39.88-2004&ctx_enc=info:ofi/enc:UTF-8&rfr_id=info:sid/sfxit.com:opac_856&url_ctx_fmt=info:ofi/fmt:kev:mtx:ctx&sfx.ignore_date_threshold=1&rft.object_id=111087027802642&svc_val_fmt=info:ofi/fmt:kev:mtx:sch_svc& |
| 856 | 4 | 0 | _uhttp://link.libris.kb.se/sfxmdh?url_ver=Z39.88-2004&ctx_ver=Z39.88-2004&ctx_enc=info:ofi/enc:UTF-8&rfr_id=info:sid/sfxit.com:opac_856&url_ctx_fmt=info:ofi/fmt:kev:mtx:ctx&sfx.ignore_date_threshold=1&rft.object_id=111087027802642&svc_val_fmt=info:ofi/fmt:kev:mtx:sch_svc& |
| 856 | 4 | 0 | _uhttp://link.libris.kb.se/sfxmiu?url_ver=Z39.88-2004&ctx_ver=Z39.88-2004&ctx_enc=info:ofi/enc:UTF-8&rfr_id=info:sid/sfxit.com:opac_856&url_ctx_fmt=info:ofi/fmt:kev:mtx:ctx&sfx.ignore_date_threshold=1&rft.object_id=111087027802642&svc_val_fmt=info:ofi/fmt:kev:mtx:sch_svc& |
| 856 | 4 | 0 | _uhttp://link.libris.kb.se/sfxoub?url_ver=Z39.88-2004&ctx_ver=Z39.88-2004&ctx_enc=info:ofi/enc:UTF-8&rfr_id=info:sid/sfxit.com:opac_856&url_ctx_fmt=info:ofi/fmt:kev:mtx:ctx&sfx.ignore_date_threshold=1&rft.object_id=111087027802642&svc_val_fmt=info:ofi/fmt:kev:mtx:sch_svc& |
| 856 | 4 | 0 | _uhttp://link.libris.kb.se/sfxprv?url_ver=Z39.88-2004&ctx_ver=Z39.88-2004&ctx_enc=info:ofi/enc:UTF-8&rfr_id=info:sid/sfxit.com:opac_856&url_ctx_fmt=info:ofi/fmt:kev:mtx:ctx&sfx.ignore_date_threshold=1&rft.object_id=111087027802642&svc_val_fmt=info:ofi/fmt:kev:mtx:sch_svc& |
| 856 | 4 | 0 | _uhttp://link.libris.kb.se/sfxrb?url_ver=Z39.88-2004&ctx_ver=Z39.88-2004&ctx_enc=info:ofi/enc:UTF-8&rfr_id=info:sid/sfxit.com:opac_856&url_ctx_fmt=info:ofi/fmt:kev:mtx:ctx&sfx.ignore_date_threshold=1&rft.object_id=111087027802642&svc_val_fmt=info:ofi/fmt:kev:mtx:sch_svc& |
| 856 | 4 | 0 | _uhttp://link.libris.kb.se/sfxslub?url_ver=Z39.88-2004&ctx_ver=Z39.88-2004&ctx_enc=info:ofi/enc:UTF-8&rfr_id=info:sid/sfxit.com:opac_856&url_ctx_fmt=info:ofi/fmt:kev:mtx:ctx&sfx.ignore_date_threshold=1&rft.object_id=111087027802642&svc_val_fmt=info:ofi/fmt:kev:mtx:sch_svc& |
| 856 | 4 | 0 | _uhttp://link.libris.kb.se/sfxsub?url_ver=Z39.88-2004&ctx_ver=Z39.88-2004&ctx_enc=info:ofi/enc:UTF-8&rfr_id=info:sid/sfxit.com:opac_856&url_ctx_fmt=info:ofi/fmt:kev:mtx:ctx&sfx.ignore_date_threshold=1&rft.object_id=111087027802642&svc_val_fmt=info:ofi/fmt:kev:mtx:sch_svc& |
| 856 | 4 | 0 | _uhttp://link.libris.kb.se/sfxumub?url_ver=Z39.88-2004&ctx_ver=Z39.88-2004&ctx_enc=info:ofi/enc:UTF-8&rfr_id=info:sid/sfxit.com:opac_856&url_ctx_fmt=info:ofi/fmt:kev:mtx:ctx&sfx.ignore_date_threshold=1&rft.object_id=111087027802642&svc_val_fmt=info:ofi/fmt:kev:mtx:sch_svc& |
| 856 | 4 | 0 | _uhttp://link.libris.kb.se/sfxuub?url_ver=Z39.88-2004&ctx_ver=Z39.88-2004&ctx_enc=info:ofi/enc:UTF-8&rfr_id=info:sid/sfxit.com:opac_856&url_ctx_fmt=info:ofi/fmt:kev:mtx:ctx&sfx.ignore_date_threshold=1&rft.object_id=111087027802642&svc_val_fmt=info:ofi/fmt:kev:mtx:sch_svc& |
| 942 |
_2ddc _cBK |
||
| 999 |
_c198556 _d198556 |
||